| 000 | 01382cam a2200397 i 4500 | ||
|---|---|---|---|
| 001 | 42609 | ||
| 003 | Mx-PuUPA | ||
| 005 | 20260421140232.0 | ||
| 008 | 140415s2012 mx dr 000 f spa d | ||
| 020 | _a9786072405592 | ||
| 020 |
_a9789687791760 _qde la colección El Barco de Vapor |
||
| 040 |
_aMx-PuUPA _bspa _cMx-PuUPA _dMx-PuUPA _erda |
||
| 041 | 0 | _aspa | |
| 043 | _ae-po--- | ||
| 100 | 1 |
_aQuezadas, Juan Carlos, _d1970- _913423 _eautor |
|
| 245 | 1 | 0 |
_aDesde los ojos de un fantasma / _cJuan Carlos Quezadas |
| 250 | _aPrimera edición | ||
| 264 | 1 |
_aMéxico, D. F. : _bSM de Ediciones, _c2012 |
|
| 300 |
_a261 páginas ; _c19 cm |
||
| 336 |
_2rdacontent _atexto _btxt |
||
| 337 |
_2rdamedia _asin medio _bn |
||
| 338 |
_2rdacarrier _avolumen _bnc |
||
| 490 | 1 |
_aEl barco de vapor. Roja ; _v54 M |
|
| 500 | _a"Premio El Barco de Vapor 2012". -- Portada | ||
| 500 | _aReimpresiones: (Primera, 2013). | ||
| 521 | 1 | _aA partir de 12 años. | |
| 650 | 7 |
_2armarc _aLiteratura mexicana |
|
| 650 | 7 |
_2armarc _aMelancolía _xLiteratura fantástica |
|
| 650 | 7 |
_2armarc _aNIños _vNovela |
|
| 651 | 4 |
_aLisbon (Portugal) _vNovela juvenil |
|
| 830 | 3 |
_aEl barco de vapor _pRoja _v54 M |
|
| 942 |
_2ddc _cLI _h863 _iB2654 |
||
| 999 |
_c42609 _d42609 |
||